Estatísticas para Paises que Ganharam Mais Batalhas

Clique aqui para jogar o quiz

Estatísticas Gerais

  • Esse quiz foi jogado 964 vezes
  • A pontuação média é 20 de 28

Estatísticas das Respostas

Batalhas VencidasResponda% Correto
833Estados Unidos
98%
560Alemanha / Prússia / SIR
98%
491Rússia / União Sovietica
98%
244China
97%
1115França
96%
1105Reino Unido
96%
183Japão
95%
110Portugal
93%
132Itália
93%
387Espanha
92%
93Índia / Mughals
83%
89Grécia
81%
82Canadá
80%
102Irá / Impérios Persas
80%
76Egito
77%
78Coréia
77%
210Turquia / Otomana
76%
209Áustria
75%
344Polônia
75%
114Paises Baixos
74%
137Austrália
74%
165Suécia
71%
92Mongólia
63%
79Dinamarca
61%
259Roma
25%
107Bizânico
5%
128Estados Confederados da América
3%
108Caliphates Islâmicos
3%

Distribuição das Pontuações

Percentil de Números Respondidos

Porcentagem de Pessoas com Cada Pontuação

Sua Pontuação Histórica

Você não jogou esse quiz